Fr. Conceicao Rodrigues College of Engineering

Engineering for Industrial Designers and inventors (Record no. 29134)

MARC details
000 -LEADER
fixed length control field 00331nam a2200157Ia 4500
082 ## - DEWEY DECIMAL CLASSIFICATION NUMBER
Item number ASK
100 ## - MAIN ENTRY--PERSONAL NAME
Personal name Ask/Thomas
245 ## - TITLE STATEMENT
Title Engineering for Industrial Designers and inventors
260 ## - PUBLICATION, DISTRIBUTION, ETC.
Name of publisher, distributor, etc. SPD
Date of publication, distribution, etc. 2016
366 ## - TRADE AVAILABILITY INFORMATION
Publishers's discount category 20
300 ## - PHYSICAL DESCRIPTION
Extent 198
546 ## - LANGUAGE NOTE
Language note ENGLISH
650 ## - SUBJECT ADDED ENTRY--TOPICAL TERM
Topical term or geographic name entry element Industrial
654 ## - SUBJECT ADDED ENTRY--FACETED TOPICAL TERMS
Focus term disigners
942 ## - ADDED ENTRY ELEMENTS (KOHA)
Koha item type BOOK
Holdings
Withdrawn status Lost status Damaged status Not for loan Collection Home library Current library Date acquired Source of acquisition Cost, normal purchase price Inventory number Total Checkouts Full call number Barcode Date last seen Cost, replacement price Price effective from Koha item type
        CRC Fr. Agnel's C.Rodrigues College of Engineering Fr. Agnel's C.Rodrigues College of Engineering 17/03/2023 Shroff Publishers 360.00 4112 dt 20.01.2018   ASK 25067 17/03/2023 450.00   BOOK